000 00779nam a2200241Ii 4500
001 20708
003 CO-ViMGA
005 20260318200724.0
008 241108s9999||||xx |||||||||||||| ||und||
020 _a9789584433213
040 _aCO-ViMGA
_bspa
_erda
_cCO-ViMGA
041 0 _aspa
082 0 4 _a581.5 C17c
100 1 _aLyndon Carvajal Rojas
_949889
245 1 0 _aCatálogo ilustrado de especies del piedemonte llanero en el departamento del Meta
264 1 _aBogotá, Colombia : Cormacarena : Universidad Distrital Francisco José de Caldas, 2008
300 _avolumen
336 _atext
_btxt
_2rdacontent
337 _aunmediated
_bn
_2rdamedia
338 _avolume
_bnc
_2rdacarrier
830 _aRNBP
_969122
940 _aidficha_siabuc: 20362. -- ficha_no_siabuc:20708
999 _c44566
_d44566